[Event "Preinscritos IRT Online"]
[Site "Chess.com INT"]
[Date "2020.12.26"]
[Round "8"]
[White "Fernandez Reyes, Lisandro"]
[Black "Chavez Yanchapaxi, Eduardo Salvador"]
[Result "1-0"]
[WhiteElo "2413"]
[BlackElo "1998"]
[PlyCount "105"]
[EventDate "2020.12.26"]
[EventType "swiss"]
[EventRounds "11"]
[EventCountry "ECU"]
[SourceTitle "CBM 200 Extra"]
[Source "ChessBase"]
[SourceDate "2021.03.31"]
[SourceVersion "1"]
[SourceVersionDate "2021.03.31"]
[SourceQuality "1"]

1. e4 e5 2. Nf3 Nc6 3. Bb5 a6 4. Bxc6 dxc6 5. 0-0 f6 6. d3 g6 7. d4 exd4 8. Nxd4 Bc5 9. Be3 Ne7 10. Nc3 0-0 11. Nxc6 Qxd1 12. Nxe7+ Bxe7 13. Raxd1 c6 14. Na4 Be6 15. Bc5 Rfe8 16. Bxe7 Rxe7 17. Nc5 Bc4 18. Rfe1 b6 19. Nd3 a5 20. b3 Bf7 21. f3 a4 22. Nb4 axb3 23. axb3 Be8 24. Rd6 c5 25. Nd5 Rea7 26. Rxb6 f5 27. exf5 gxf5 28. Ne7+ Kf8 29. Nxf5 Bg6 30. Ne3 Re7 31. Kf2 Rae8 32. c4 Rd7 33. Re2 Ra8 34. Rc6 Ra5 35. Nd5 Rb7 36. Re3 Ra3 37. Rxc5 Raxb3 38. Rxb3 Rxb3 39. Ne3 Rc3 40. g4 Ke7 41. h4 Kd6 42. Rd5+ Ke6 43. h5 Bf7 44. Rf5 Ke7 45. Rf4 Be6 46. Re4 Kd6 47. Kg3 Bf7 48. Kf4 Be6 49. g5 Rc1 50. Nf5+ Kd7 51. Rd4+ Ke8 52. Ke5 Bf7 53. Kf6 1-0

[Event "Pan American-ch U20"]
[Site "Riobamba"]
[Date "2007.08.22"]
[Round "7"]
[White "Chavez Yanchapaxi, Eduardo Salvador"]
[Black "Villacres, Dennis"]
[Result "1-0"]
[WhiteElo "2059"]
[BlackElo "1988"]
[PlyCount "91"]
[EventDate "2007.08.18"]
[EventType "swiss"]
[EventRounds "9"]
[EventCountry "ECU"]
[SourceTitle "CBM 120 Extra"]
[Source "ChessBase"]
[SourceDate "2007.11.01"]
[SourceVersion "1"]
[SourceVersionDate "2007.11.01"]
[SourceQuality "1"]

1. e4 c5 2. Nf3 d6 3. d4 cxd4 4. Nxd4 Nf6 5. Nc3 a6 6. Be2 e6 7. 0-0 Be7 8. f4 0-0 9. Kh1 Qc7 10. Be3 b5 11. e5 dxe5 12. fxe5 Nfd7 13. Bf4 Bb7 14. Bd3 Nc5 15. Qg4 Nxd3 16. cxd3 Rd8 17. Nce2 Nc6 18. Rac1 Qd7 19. Bh6 Bf8 20. Nxc6 Bxc6 21. Nf4 g6 22. Bxf8 Rxf8 23. Nh5 Qb7 24. Nf6+ Kg7 25. Rc2 Rac8 26. Rcf2 Rc7 27. Qh4 h6 28. Ng4 Rh8 29. Qf6+ Kg8 30. Qf4 Kg7 31. Qf6+ Kg8 32. Qf4 Kg7 33. h4 h5 34. Nf6 a5 35. Kh2 Qb6 36. Qg5 Qc5 37. Qg3 b4 38. Rf4 Bd5 39. d4 Qc6 40. Qf2 Qb7 41. Nxd5 exd5 42. Rf6 Rd8 43. e6 fxe6 44. Qg3 Qc6 45. Qxg6+ Kh8 46. Rf8+ 1-0

[Event "Pan American-ch U20"]
[Site "Riobamba"]
[Date "2007.08.21"]
[Round "6"]
[White "Angulo Rodriguez, Carlos"]
[Black "Chavez Yanchapaxi, Eduardo Salvador"]
[Result "1-0"]
[WhiteElo "2169"]
[BlackElo "2059"]
[PlyCount "77"]
[EventDate "2007.08.18"]
[EventType "swiss"]
[EventRounds "9"]
[EventCountry "ECU"]
[SourceTitle "CBM 120 Extra"]
[Source "ChessBase"]
[SourceDate "2007.11.01"]
[SourceVersion "1"]
[SourceVersionDate "2007.11.01"]
[SourceQuality "1"]

1. e4 e5 2. Nf3 Nc6 3. Bb5 a6 4. Ba4 Nf6 5. 0-0 Be7 6. Re1 b5 7. Bb3 d6 8. c3 0-0 9. h3 Na5 10. Bc2 c5 11. d4 Qc7 12. Nbd2 cxd4 13. cxd4 Nc6 14. d5 Nb4 15. Bb1 a5 16. Nf1 Bd7 17. Bd2 Na6 18. Bd3 Nc5 19. Rc1 Qb8 20. Bb1 Rc8 21. Ng3 b4 22. Nh4 Bf8 23. Ngf5 Ra7 24. Bg5 Ne8 25. Qg4 f6 26. Bd2 Kh8 27. Re3 g6 28. Rg3 Ng7 29. Nxg6+ hxg6 30. Qh4+ Kg8 31. Nh6+ Kh8 32. Rxg6 Be8 33. Ng4+ Kg8 34. Nh6+ Kh7 35. Rxf6 Bh5 36. Nf5 Kg8 37. g4 Nxf5 38. exf5 Be7 39. Qg5+ 1-0

[Event "Pan American-ch U20"]
[Site "Riobamba"]
[Date "2007.08.19"]
[Round "2"]
[White "Cardenas, Juan Carlos"]
[Black "Chavez Yanchapaxi, Eduardo Salvador"]
[Result "1/2-1/2"]
[WhiteElo "1866"]
[BlackElo "2059"]
[PlyCount "75"]
[EventDate "2007.08.18"]
[EventType "swiss"]
[EventRounds "9"]
[EventCountry "ECU"]
[SourceTitle "CBM 120 Extra"]
[Source "ChessBase"]
[SourceDate "2007.11.01"]
[SourceVersion "1"]
[SourceVersionDate "2007.11.01"]
[SourceQuality "1"]

1. d4 d5 2. Nf3 Nf6 3. g3 c6 4. Bg2 h6 5. 0-0 Bf5 6. c4 e6 7. Nbd2 Bd6 8. b3 Nbd7 9. Bb2 0-0 10. Re1 Bh7 11. Ne5 Qc7 12. f4 Rad8 13. h3 Ne4 14. Nxe4 Bxe4 15. Bxe4 dxe4 16. Qc2 f5 17. Nxd7 Rxd7 18. e3 g5 19. Kh2 Kh7 20. Rg1 Rg8 21. Rg2 Rdg7 22. Rag1 Qf7 23. Qd1 Be7 24. d5 exd5 25. Bxg7 Kxg7 26. cxd5 cxd5 27. Qd4+ Bf6 28. Qxa7 Rd8 29. Rd2 d4 30. Rgd1 d3 31. Rc1 Rd7 32. Qa5 Bd8 33. Qe5+ Kh7 34. Rc8 Rd5 35. Qc3 Rd7 36. Qe5 Rd5 37. Qc3 Rd7 38. Qe5 1/2-1/2

[Event "Pan American-ch U20"]
[Site "Riobamba"]
[Date "2007.08.18"]
[Round "1"]
[White "Chavez Yanchapaxi, Eduardo Salvador"]
[Black "Hungaski, Robert Andrew"]
[Result "1/2-1/2"]
[WhiteElo "2059"]
[BlackElo "2399"]
[PlyCount "88"]
[EventDate "2007.08.18"]
[EventType "swiss"]
[EventRounds "9"]
[EventCountry "ECU"]
[SourceTitle "CBM 120 Extra"]
[Source "ChessBase"]
[SourceDate "2007.11.01"]
[SourceVersion "1"]
[SourceVersionDate "2007.11.01"]
[SourceQuality "1"]

1. e4 e5 2. Nf3 Nc6 3. Bb5 a6 4. Ba4 Nf6 5. 0-0 Be7 6. Re1 b5 7. Bb3 d6 8. c3 0-0 9. h3 Na5 10. Bc2 c5 11. d4 Qc7 12. Nbd2 Nc6 13. d5 Na5 14. Nf1 Bd7 15. N3h2 Nb7 16. f4 exf4 17. Bxf4 Ne8 18. Ne3 Bf6 19. Nhg4 Be5 20. Qf3 f6 21. Rf1 Nd8 22. Bxe5 dxe5 23. d6 Qxd6 24. Rad1 Bxg4 25. hxg4 Qe6 26. Rd5 Nf7 27. Rxc5 Qxa2 28. b4 Ned6 29. Qd1 Qe6 30. Bb3 Qe7 31. Nd5 Qd8 32. Nc7 Nxe4 33. Nxa8 Nxc5 34. bxc5 Qxa8 35. Qd7 e4 36. c6 e3 37. c7 e2 38. Bxf7+ Kh8 39. Ra1 Qa7+ 40. Kh1 Qe3 41. c8Q e1Q+ 42. Rxe1 Qxe1+ 43. Kh2 Qh4+ 44. Kg1 Qe1+ 1/2-1/2

[Event "Pan American-ch U16"]
[Site "Medellin"]
[Date "2007.07.05"]
[Round "7"]
[White "Chavez Yanchapaxi, Eduardo Salvador"]
[Black "Martinez Reyes, Pedro Ramon"]
[Result "0-1"]
[WhiteElo "2059"]
[BlackElo "2054"]
[PlyCount "58"]
[EventDate "2007.07.02"]
[EventType "swiss"]
[EventRounds "9"]
[EventCountry "COL"]
[SourceTitle "EXT 2022"]
[Source "ChessBase"]
[SourceDate "2021.10.06"]
[SourceVersion "1"]
[SourceVersionDate "2021.10.06"]
[SourceQuality "1"]

1. e4 e6 2. d4 d5 3. Nd2 Nf6 4. e5 Nfd7 5. Bd3 c5 6. c3 Nc6 7. Ne2 cxd4 8. cxd4 f6 9. exf6 Nxf6 10. 0-0 Bd6 11. Nf3 0-0 12. Bf4 Bxf4 13. Nxf4 Qd6 14. g3 e5 15. dxe5 Nxe5 16. Nxe5 Qxe5 17. Qb3 Qd6 18. Rfe1 Bd7 19. Rad1 Kh8 20. Bb1 Bc6 21. Ne6 Rfe8 22. Ng5 Qf8 23. Qf3 Rxe1+ 24. Rxe1 Re8 25. Rd1 Qb4 26. Rf1 Qd2 27. Qf5 Bd7 28. Nf3 Qe2 29. Qd3 Bb5 0-1

[Event "Pan American-ch U16"]
[Site "Medellin"]
[Date "2007.07.04"]
[Round "5"]
[White "Chavez Yanchapaxi, Eduardo Salvador"]
[Black "Terry, Renato"]
[Result "0-1"]
[WhiteElo "2059"]
[BlackElo "2203"]
[PlyCount "86"]
[EventDate "2007.07.02"]
[EventType "swiss"]
[EventRounds "9"]
[EventCountry "COL"]
[SourceTitle "EXT 2022"]
[Source "ChessBase"]
[SourceDate "2021.10.06"]
[SourceVersion "1"]
[SourceVersionDate "2021.10.06"]
[SourceQuality "1"]

1. e4 g6 2. d4 Bg7 3. c3 d6 4. Nf3 c6 5. Bd3 Qc7 6. h3 e5 7. dxe5 dxe5 8. 0-0 Nf6 9. Nbd2 0-0 10. g4 Nbd7 11. Qe2 Nc5 12. Bc2 h5 13. g5 Nh7 14. Kg2 Ne6 15. Nb3 Qe7 16. h4 f6 17. gxf6 Qxf6 18. Rh1 Nf4+ 19. Bxf4 Qxf4 20. Ne1 b6 21. Nd3 Qf6 22. Raf1 c5 23. Nd2 Bh6 24. f3 Kh8 25. Bb3 Bd7 26. Bd5 Rae8 27. Nc4 Re7 28. b3 Bc8 29. Ne3 g5 30. hxg5 Bxg5 31. Rh2 Bf4 32. Nxf4 exf4 33. Nd1 Qg5+ 34. Kh1 Rg7 35. Qf2 Qe5 36. Rg1 Rg3 37. Rh4 Qg5 38. Rh2 Rf6 39. Qe1 Rg6 40. Rxg3 fxg3 41. Re2 Qf4 42. Qf1 Ng5 43. e5 Qh4+ 0-1

[Event "Pan American-ch U16"]
[Site "Cuenca"]
[Date "2006.??.??"]
[Round "2"]
[White "Diamant, Andre"]
[Black "Chavez Yanchapaxi, Eduardo Salvador"]
[Result "1-0"]
[WhiteElo "2244"]
[BlackElo "1994"]
[PlyCount "77"]
[EventDate "2006.08.??"]
[EventType "swiss"]
[EventRounds "9"]
[EventCountry "ECU"]
[SourceTitle "EXT 2008"]
[Source "ChessBase"]
[SourceDate "2007.11.25"]
[SourceVersion "1"]
[SourceVersionDate "2007.11.25"]
[SourceQuality "1"]

1. e4 e5 2. Nf3 Nc6 3. Bb5 a6 4. Ba4 Nf6 5. 0-0 Be7 6. Re1 b5 7. Bb3 d6 8. c3 0-0 9. h3 Re8 10. d4 h6 11. Nbd2 Bf8 12. Nf1 Na5 13. Bc2 Nc4 14. b3 Nb6 15. dxe5 dxe5 16. Qxd8 Rxd8 17. Nxe5 Bd6 18. Nf3 Bb7 19. e5 Bxf3 20. exf6 Bc6 21. fxg7 Kxg7 22. Ne3 Be5 23. Nf5+ Kf6 24. Bxh6 Rg8 25. Bg7+ Rxg7 26. Nxg7 Bxc3 27. Nh5+ Kg5 28. g4 Bxa1 29. Rxa1 Re8 30. Rc1 Bf3 31. Kh2 Nd5 32. Kg3 Be2 33. Re1 b4 34. Bd3 Nc3 35. Nf4 Bxd3 36. h4+ Kf6 37. Rxe8 Bb1 38. Nh5+ Kg6 39. Rg8+ 1-0